Pays frontaliers de la Suisse - Statistiques

Statistiques générales
  • Ce quiz a été pris 128 fois
  • Le résultat moyen est 5 sur 5
Statistiques - réponses
Pays % Correct
Italie
100%
France
99%
Allemagne
98%
Autriche
94%
Liechtenstein
84%
Aucun quiz correspondant
Distribution des résultats
% des personnes avec chaque résultat
Percentile par nombre de réponses
Votre historique - résultats
Vous n’avez pas pris ce quiz